| 000 | 00552nam a2200169 a 4500 | ||
|---|---|---|---|
| 001 | 295 | ||
| 003 | CDMR | ||
| 005 | 20131011163551.0 | ||
| 008 | 130130s1980||||||||||||||||||||||||||||d | ||
| 040 |
_aCDMR _bcat _cCDMR |
||
| 110 | 2 |
_aAsociación de la Prensa de Madrid _987 |
|
| 245 | 1 | 0 |
_aMemoria [1971-79] _cAsociación de la Prensa de Madrid |
| 260 |
_aMadrid _c1980 _bAsociación de la Prensa de Madrid |
||
| 300 |
_a285 p. _b20 cm |
||
| 500 | _aMemòria relativa als exercicis econòmics de 1971-1972-1973-1974-1975-1976-1977-1978 i 1979 | ||
| 942 |
_cMON _2udc |
||
| 999 |
_c295 _d295 |
||